[Event "2nd Goa GM Open 2019"]
[Site "Goa"]
[Date "2019.06.18"]
[Round "1.1"]
[White "Ramakrishna, J.."]
[Black "Iturrizaga Bonelli, Eduardo"]
[Result "*"]
[WhiteElo "2171"]
[BlackElo "2637"]
[Annotator "TA"]
[PlyCount "28"]
[EventDate "2019.06.17"]
[EventType "swiss"]
[EventCountry "IND"]
[SourceTitle "playchess.com"]
[Source "ChessBase"]
[SourceQuality "1"]

{[%evp 10,28,1,0,0,-17,-10,-18,-22,-20,-21,-23,-28,-37,-31,-37,-27,-76,-81,-67,-51]} 1. e4 c5 2. Nc3 e6 3. Nf3 Nc6 4. b3 d6 5. Bb2 Nf6 6. Bb5 Bd7 {B50: Sicilian: 2...d6, Miscellaneous} 7. Bxc6 (7. O-O Be7 8. Re1 e5 9. d3 O-O 10. Nd2 Ne8 11. Nd5 Bg5 12. Rf1 Nc7 13. Nxc7 Qxc7 14. Nc4 Be6 {½-½ (14) Padeiro,J (2353)-Andres Gonzalez,I (2354) Caldas da Rainha 2014}) 7... Bxc6 8. Qe2 e5 {The position is equal.} 9. d3 g6 10. Nd2 $146 ({Predecessor:} 10. O-O Bg7 11. Nd2 Nh5 12. Qe1 O-O 13. Ne2 {0-1 (39) Undheim,B (1836)-Pedersen,S (2083) Copenhagen 2013}) 10... Nh5 11. g3 Bh6 12. a4 O-O 13. Rg1 Ng7 14. Nc4 Ne6 *

[Event "2nd Goa GM Open 2019"]
[Site "Goa"]
[Date "2019.06.18"]
[Round "1.2"]
[White "Pantsulaia, Levan"]
[Black "Franco Valencia, Angela"]
[Result "1-0"]
[WhiteElo "2614"]
[BlackElo "2169"]
[Annotator "RC"]
[PlyCount "91"]
[EventDate "2019.06.17"]
[EventType "swiss"]
[EventCountry "IND"]
[SourceTitle "playchess.com"]
[Source "ChessBase"]
[SourceQuality "1"]
[TimeControl "5400+30"]

1. Nf3 {[%emt 0:00:00]} c5 {[%emt 0:00:00]} 2. c4 {[%emt 0:00:00]} Nf6 {[%emt 0:00:12]} 3. Nc3 {[%emt 0:00:08]} d5 {[%emt 0:03:21]} 4. cxd5 {[%emt 0:00:09]} Nxd5 {[%emt 0:00:05]} 5. g3 {[%emt 0:00:32]} Nc6 {[%emt 0:00:48]} 6. Bg2 {[%emt 0:00:09]} Nxc3 {[%emt 0:03:33]} 7. bxc3 {[%emt 0:00:09]} e5 {[%emt 0:00:07]} 8. d3 {[%emt 0:00:28]} Be7 {[%emt 0:00:19]} 9. Nd2 {[%emt 0:00:50]} Qc7 {[%emt 0:04:53]} 10. Nc4 {[%emt 0:02:19]} Be6 {[%emt 0:02:55]} 11. Qa4 {[%emt 0:01:39]} Bd7 {[%emt 0:02:45]} 12. Rb1 {[%emt 0:01:15]} O-O {[%emt 0:02:07]} 13. Ne3 {[%emt 0:02:43]} Qa5 {[%emt 0:19:04]} 14. Qc2 {[%emt 0:00:30]} b5 15. O-O {[%emt 0:09:11]} Rab8 {[%emt 0:01:00]} 16. h4 {[%emt 0:01:52]} Bd6 {[%emt 0:06:01]} 17. Bd2 {[%emt 0:01:34]} Rfc8 {[%emt 0:09:59]} 18. Rb2 {[%emt 0:00:46]} Qd8 {[%emt 0:05:14]} 19. Qb1 {[%emt 0:07:52]} a6 {[%emt 0:06:26]} 20. a4 {[%emt 0:05:28]} bxa4 {[%emt 0:04:18]} 21. Nc4 {[%emt 0:06:37]} Bc7 {[%emt 0:04:16]} 22. Bg5 {[%emt 0:02:21]} Qe8 {[%emt 0:04:52]} 23. Be3 {[%emt 0:01:25]} Rxb2 {[%emt 0:03:08]} 24. Nxb2 {[%emt 0:03:07]} Na5 {[%emt 0:02:51]} 25. Bxc5 {[%emt 0:01:03]} Nb3 {[%emt 0:00:07]} 26. Be3 {[%emt 0:00:08]} Rb8 {[%emt 0:01:39]} 27. Qc2 {[%emt 0:07:05]} Bc6 {[%emt 0:03:10]} 28. Nc4 {[%emt 0:04:20]} Bxg2 {[%emt 0:03:35]} 29. Kxg2 {[%emt 0:00:06]} Qc6+ {[%emt 0:00:16]} 30. f3 {[%emt 0:00:07]} f5 {[%emt 0:01:40]} 31. Bg1 {[%emt 0:01:39]} e4 {[%emt 0:01:09]} 32. Ne3 {[%emt 0:00:05]} f4 {[%emt 0:01:16]} 33. Nf5 {[%emt 0:05:16]} exf3+ {[%emt 0:01:53]} 34. exf3 {[%emt 0:01:00]} Re8 {[%emt 0:00:12]} 35. g4 {[%emt 0:01:16]} Be5 {[%emt 0:03:24]} 36. d4 {[%emt 0:01:18]} Bf6 {[%emt 0:00:20]} 37. c4 {[%emt 0:03:16]} Na5 {[%emt 0:00:56]} 38. c5 {[%emt 0:00:34]} Qb5 {[%emt 0:00:31]} 39. Bf2 {[%emt 0:01:12]} Nc4 {[%emt 0:00:30]} 40. Rb1 {[%emt 0:02:05]} Re2 {[%emt 0:00:08]} 41. Qxe2 {[%emt 0:00:16]} Ne3+ {[%emt 0:00:03]} 42. Qxe3 {[%emt 0:00:09]} fxe3 {[%emt 0:00:04]} 43. Rxb5 {[%emt 0:00:11]} axb5 {[%emt 0:00:02]} 44. Bxe3 {[%emt 0:00:33]} b4 {[%emt 0:00:59]} 45. c6 {[%emt 0:00:18]} Bd8 {[%emt 0:00:16]} 46. d5 {[%emt 0:00:07]} 1-0

[Event "2nd Goa GM Open 2019"]
[Site "Goa"]
[Date "2019.06.18"]
[Round "1.3"]
[White "Godbole, Atharva"]
[Black "Ter-Sahakyan, Samvel"]
[Result "*"]
[WhiteElo "2165"]
[BlackElo "2611"]
[Annotator "TA"]
[PlyCount "28"]
[EventDate "2019.06.17"]
[EventType "swiss"]
[EventCountry "IND"]
[SourceTitle "playchess.com"]
[Source "ChessBase"]
[SourceQuality "1"]

{[%evp 9,23,35,41,31,32,36,31,33,45,20,12,8,23,0,2,18]} 1. e4 e5 2. Nf3 Nc6 3. Bb5 g6 4. c3 a6 5. Ba4 Bg7 6. d4 {C70: Ruy Lopez: 3...a6 4 Ba4, Norwegian and Delayed Schliemann} exd4 7. cxd4 b5 8. Bb3 {White is slightly better.} d6 9. h3 Nge7 10. O-O O-O 11. Nc3 Na5 12. Bc2 {Predecessor:} c5 $146 13. dxc5 dxc5 14. Qxd8 Rxd8 {0-1 (65) Vachier Lagrave,M (2789)-Mamedyarov,S (2808) Leuven 2018} *

[Event "2nd Goa GM Open 2019"]
[Site "Goa"]
[Date "2019.06.18"]
[Round "1.4"]
[White "Mchedlishvili, Mikheil"]
[Black "Harshal, Shahi"]
[Result "1-0"]
[WhiteElo "2609"]
[BlackElo "2161"]
[Annotator "TA"]
[PlyCount "63"]
[EventDate "2019.06.17"]
[EventType "swiss"]
[EventCountry "IND"]
[SourceTitle "playchess.com"]
[Source "ChessBase"]
[SourceQuality "1"]

{[%evp 14,63,16,4,12,0,44,31,63,51,87,109,133,133,110,104,74,62,62,61,69,66,56,6,87,100,319,322,347,142,142,118,685,677,783,525,686,661,775,745,713,545,545,546,803,790,826,779,1400,1026,1025,943]} 1. c4 c6 2. Nf3 Nf6 3. Nc3 d5 4. e3 e6 5. b3 Nbd7 6. Qc2 Bd6 7. Bb2 O-O 8. Be2 b6 {A11: English Opening: 1...c6} (8... Qe7 9. O-O b6 10. cxd5 cxd5 11. Nb5 Ba6 12. Qd1 Bxb5 13. Bxb5 a6 14. Be2 Ba3 15. Qc1 Bxb2 16. Qxb2 {½-½ (33) Ivanchuk,V (2728)-Duda,J (2707) Tbilisi 2017}) 9. Rg1 Bb7 10. g4 c5 {White is slightly better.} 11. h4 Ne5 $146 {Threatening ...d4.} ({Predecessor:} 11... Rc8 12. O-O-O Ne4 13. Nxe4 dxe4 14. Ng5 Be5 15. Bxe5 Nxe5 16. Nxe4 Bxe4 17. Qxe4 {1-0 (31) Stefanova,A (2560)-Sebag,M (2519) Ulaanbaatar 2010}) 12. g5 Nfd7 13. Nxe5 Nxe5 14. f4 Nc6 15. a3 d4 16. Ne4 {Threatens to win with Nf6+!} Be7 17. Bd3 Kh8 18. Nf2 f5 (18... e5 $1 $11) 19. gxf6 $1 $16 gxf6 $2 (19... Bxf6 $16 {was necessary.} 20. Bxh7 Ne7) 20. Bxh7 $18 {White threatens Qg6 and mate.} f5 21. Bg6 (21. Qd1 $1 $18 {[%cal Rd1h5] and the rest is easy. Qh5 would kill now.} Rf7 22. Bg6) 21... Bxh4 $16 {[#]} 22. d3 $1 $40 {[%mdl 128] [#] Qe2 is the strong threat. Black is in trouble.} Qf6 $2 {[%mdl 8192]} (22... Ne5 $1 $16 {[%mdl 512]} 23. O-O-O (23. fxe5 dxe3) 23... Nxg6 24. Rxg6 Rf6) 23. Qe2 $18 {White wants to mate with Qh5+.White is clearly winning.} Kg7 24. O-O-O Rg8 {Black hopes to continue with ...Kf8.} 25. Bxf5+ {[%mdl 64] Discovered Attack} Kf8 {aiming for ...Rxg1.} 26. Rxg8+ Kxg8 27. Rg1+ Kf8 28. Be4 Bxf2 29. Qxf2 Rd8 30. Qg2 Rc8 31. Qg8+ Ke7 32. Qh7+ {Accuracy: White = 67%, Black = 16%.} 1-0

[Event "2nd Goa GM Open 2019"]
[Site "Goa"]
[Date "2019.06.18"]
[Round "1.5"]
[White "Singh, Rishpal S"]
[Black "Gupta, Abhijeet"]
[Result "0-1"]
[WhiteElo "2161"]
[BlackElo "2606"]
[Annotator "TA"]
[PlyCount "36"]
[EventDate "2019.06.17"]
[EventType "swiss"]
[EventCountry "IND"]
[SourceTitle "playchess.com"]
[Source "ChessBase"]
[SourceQuality "1"]

{[%evp 16,48,3,-18,-14,-72,-69,-80,-71,-92,-91,-100,-100,-168,-178,-373,-374,-370,-362,-368,-343,-408,-350,-352,-360,-351,-331,-337,-336,-334,-327,-360,-379,-348,-335]} 1. c4 Nf6 2. g3 c6 3. b3 g6 4. Bb2 Bg7 5. Bg2 O-O 6. Nf3 d5 7. O-O Nbd7 8. d3 Re8 9. Qc2 e5 {A11: English Opening: 1...c6} 10. e4 (10. cxd5 $11 {remains equal.} Nxd5 11. Nbd2) 10... d4 $17 (10... Qb6 11. cxd5 cxd5 12. Nbd2 Qc5 13. Rac1 b6 14. Qb1 Qd6 15. exd5 Bb7 16. Ne4 Qb8 17. Nxf6+ Nxf6 {1-0 (33) D'Amore,C (2459)-Dinev,D (2304) Skopje 2015}) 11. b4 a5 {Black is better.} 12. a3 $146 ({Predecessor:} 12. bxa5 Qxa5 13. Nbd2 Qa4 14. Nb3 Bf8 15. Qe2 Nc5 16. h3 Bd7 17. Nfd2 {1-0 (62) Horn,H-Meusel,R Germany 1997}) 12... Bf8 13. bxa5 Qxa5 14. Nfd2 (14. Nbd2 $17 {might work better.}) 14... Nc5 $19 {...Qa4 is the strong threat.} 15. h3 $2 {[#]} (15. a4) 15... Qa4 16. Rc1 Qxc2 17. Rxc2 Nxd3 18. Nb3 Ne1 {Played: Bc8-e6} 0-1

[Event "2nd Goa GM Open 2019"]
[Site "Goa"]
[Date "2019.06.18"]
[Round "1.6"]
[White "Idani, Pouya"]
[Black "Rathneesh R"]
[Result "1-0"]
[WhiteElo "2597"]
[BlackElo "2160"]
[Annotator "TA"]
[PlyCount "55"]
[EventDate "2019.06.17"]
[EventType "swiss"]
[EventCountry "IND"]
[SourceTitle "playchess.com"]
[Source "ChessBase"]
[SourceQuality "1"]

{[%evp 19,55,0,11,7,9,-11,-8,-18,0,0,0,-3,27,32,27,24,29,20,56,52,120,120,170,170,330,330,333,331,454,445,1026,1007,29994,1443,1577,1514,29988,29988]} 1. Nf3 Nf6 2. c4 e6 3. g3 d5 4. Bg2 Be7 5. O-O O-O 6. b3 b6 7. Bb2 c5 8. e3 Ba6 9. d3 Nc6 10. Nc3 Rc8 11. Qe2 {A14: English Opening: 1...e6 with b3 by White} Qd7 12. a4 (12. Rfd1 Rfd8 13. a3 h6 14. Rab1 Bb7 15. cxd5 Nxd5 16. Nxd5 Qxd5 17. Bc3 a5 18. Qb2 Bf8 19. d4 {½-½ (19) Fier,A (2551)-Kryvoruchko,Y (2680) Sharjah 2019}) 12... Rfd8 13. Rfd1 {The position is equal.} Qe8 14. Rac1 h6 $146 ({Predecessor:} 14... Bb7 15. cxd5 exd5 16. d4 Na5 17. Nd2 cxd4 18. exd4 Qd7 {½-½ (28) Znamenacek,K (2296)-Karasek,L (2190) Czechia 2012}) 15. Ba1 Rd7 16. cxd5 Nxd5 17. Nxd5 Rxd5 18. Ne5 $1 Nxe5 19. Bxd5 Nxd3 (19... exd5 $14 20. Bxe5 Bf8) 20. Bc4 $40 {[%mdl 128] White has strong attack.} Nxc1 21. Qg4 {[%csl Ga1][%cal Rg4g7]} Bf8 $2 (21... g6 {was called for.} 22. Bxa6 Nxb3) 22. Bxa6 $18 Nxb3 23. Bxc8 Qxc8 {[#]} 24. Bf6 $1 {aiming for Rd8!} g6 {[#]} (24... h5 $142 25. Qg5 c4) 25. Rd8 $1 {[%mdl 512]} Qb7 26. Qd1 (26. Qf4 $142 g5 27. Qd6 Qh1+ 28. Kxh1 Kh7 29. Qd3+ {[%mdl 64] Double Attack} Kg8 {[#]} 30. Rxf8+ $1 {[%mdl 576] Back Rank, Clearance} Kxf8 31. Qd8#) 26... Nd4 27. exd4 c4 28. Qd2 {Accuracy: White = 60%, Black = 14%.} 1-0

[Event "2nd Goa GM Open 2019"]
[Site "Goa"]
[Date "2019.06.18"]
[Round "1.7"]
[White "Ram, S. Krishnan"]
[Black "Aleksandrov, Aleksej"]
[Result "1-0"]
[WhiteElo "2152"]
[BlackElo "2588"]
[Annotator "ChessBase"]
[PlyCount "77"]
[EventDate "2019.06.17"]
[EventType "swiss"]
[EventCountry "IND"]
[SourceTitle "playchess.com"]
[Source "ChessBase"]
[SourceQuality "1"]
[TimeControl "5400+30"]

1. d4 {[%emt 0:00:07]} d5 {[%emt 0:00:00]} 2. Nf3 {[%emt 0:00:05]} Nf6 {[%emt 0:00:11]} 3. c4 {[%emt 0:00:30]} e6 {[%emt 0:00:10]} 4. Nc3 {[%emt 0:00:08]} Bb4 {[%emt 0:00:04]} 5. Qa4+ {[%emt 0:00:07]} Nc6 {[%emt 0:00:05]} 6. e3 {[%emt 0:00:06]} O-O {[%emt 0:00:19]} 7. Bd3 {[%emt 0:00:10]} a6 {[%emt 0:09:48]} 8. O-O {[%emt 0:03:42]} Bd6 {[%emt 0:00:18]} 9. c5 {[%emt 0:04:39]} Be7 {[%emt 0:00:07]} 10. b4 {[%emt 0:00:05]} Rb8 {[%emt 0:08:06]} 11. a3 {[%emt 0:04:53]} Re8 {[%emt 0:00:07]} 12. Qc2 {[%emt 0:01:13]} h6 {[%emt 0:00:20]} 13. Bb2 {[%emt 0:01:24]} b6 {[%emt 0:07:32]} 14. Ne2 {[%emt 0:17:01]} bxc5 {[%emt 0:05:05]} 15. dxc5 {[%emt 0:03:24]} Bb7 {[%emt 0:00:50]} 16. Ned4 {[%emt 0:00:48]} Nxd4 {[%emt 0:02:20]} 17. Bxd4 {[%emt 0:00:27]} c6 {[%emt 0:00:42]} 18. Ne5 {[%emt 0:00:51]} a5 {[%emt 0:07:58]} 19. f4 {[%emt 0:08:47]} axb4 {[%emt 0:07:36]} 20. axb4 {[%emt 0:00:06]} Qc7 {[%emt 0:00:03]} 21. g4 {[%emt 0:07:05]} Rf8 {[%emt 0:01:20]} 22. g5 {[%emt 0:03:21]} hxg5 {[%emt 0:00:07]} 23. fxg5 {[%emt 0:00:04]} Ne4 {[%emt 0:00:07]} 24. Bxe4 {[%emt 0:00:08]} dxe4 {[%emt 0:00:03]} 25. g6 {[%emt 0:02:48]} fxg6 {[%emt 0:04:18]} 26. Qxe4 {[%emt 0:03:36]} Bg5 {[%emt 0:04:38]} 27. Nxg6 {[%emt 0:04:14]} Rxf1+ {[%emt 0:00:07]} 28. Rxf1 {[%emt 0:00:03]} Re8 {[%emt 0:00:09]} 29. Be5 {[%emt 0:03:27]} Qd8 {[%emt 0:06:15]} 30. Bd6 {[%emt 0:00:15]} Ba6 {[%emt 0:06:40]} 31. Rf2 {[%emt 0:05:26]} Bf6 {[%emt 0:02:27]} 32. Qxc6 {[%emt 0:06:16]} Bc4 {[%emt 0:05:32]} 33. Qf3 {[%emt 0:02:04]} Qa8 {[%emt 0:05:43]} 34. Ne7+ {[%emt 0:06:24]} Bxe7 {[%emt 0:00:12]} 35. Qf7+ {[%emt 0:05:52]} Kh8 {[%emt 0:00:16]} 36. Be5 {[%emt 0:01:04]} Bf8 {[%emt 0:00:08]} 37. Qh5+ {[%emt 0:01:03]} Kg8 {[%emt 0:00:01]} 38. Qf7+ {[%emt 0:00:01]} Kh8 39. Rf6 {[%emt 0:00:35]} 1-0

[Event "2nd Goa GM Open 2019"]
[Site "Goa"]
[Date "2019.06.18"]
[Round "1.8"]
[White "Stupak, Kirill"]
[Black "Sharma Isha"]
[Result "1-0"]
[WhiteElo "2584"]
[BlackElo "2151"]
[Annotator "TA"]
[PlyCount "85"]
[EventDate "2019.06.17"]
[EventType "swiss"]
[EventCountry "IND"]
[SourceTitle "playchess.com"]
[Source "ChessBase"]
[SourceQuality "1"]

{[%evp 14,85,50,43,99,80,106,91,137,131,139,58,129,159,138,116,179,163,208,208,205,200,279,289,286,262,261,191,431,423,373,325,313,325,319,331,327,320,316,335,394,398,348,172,236,262,328,331,568,562,552,559,552,532,647,630,620,620,586,583,567,570,1336,1322,1798,1722,1671,816,789,795,1104,1107,895,872]} 1. d4 d6 2. g3 g6 3. Bg2 Bg7 4. e4 Nf6 5. Nc3 O-O 6. Nge2 Nbd7 7. h3 c5 8. Be3 Rb8 {B07: Pirc Defence: Miscellaneous Systems} ({Black should play} 8... cxd4 $14 9. Bxd4 (9. Nxd4 Nb6 $11) 9... Ne5) (8... cxd4 9. Bxd4 a6 10. O-O Rb8 11. Ba7 Ra8 12. Bd4 Rb8 13. Ba7 Ra8 14. Bd4 Rb8 15. Ba7 Ra8 16. Bd4 Rb8 17. Ba7 {½-½ (17) Danin,A (2575)-Shimanov,A (2606) Kazan 2015}) 9. dxc5 $1 $16 dxc5 10. f4 $1 b6 $146 {White is better.} ({Predecessor:} 10... Qa5 11. e5 Ne8 12. O-O Nb6 13. Ne4 Nd7 14. a3 a6 15. Nxc5 Nxc5 16. b4 {1-0 (47) Petrovski,I (2177)-Dinev,D (2401) Skopje 2011}) 11. e5 Ne8 12. O-O (12. Qd3 $16) 12... Nc7 (12... Bb7 $14) 13. Qd2 $1 e6 14. Rad1 Qe7 (14... f5 $16 15. Bc6 Rf7) 15. Bc6 $36 {[%mdl 2048] White is on the roll.} Rd8 {[#]} 16. Qd6 $1 {[%cal Rd6e7]} Qxd6 17. Rxd6 (17. exd6 Ne8 $11) 17... Kf8 18. Rfd1 Ke7 19. Bf2 Ne8 20. R6d2 f6 $2 (20... Nxe5 21. fxe5 (21. Rxd8 Nxc6 22. R8d2 Kf8 $14) 21... Rxd2 22. Rxd2 Bxe5) 21. Nb5 Rb7 22. g4 fxe5 23. Bh4+ {[%mdl 64] Skewer} Bf6 24. Bxf6+ Nexf6 25. c4 a6 26. fxe5 Ne8 27. Bxb7 Bxb7 28. Nd6 (28. Na7 $142) 28... Bc6 (28... Nxe5 {was necessary.} 29. Nf5+ {[%mdl 64] Discovered Attack} gxf5 30. Rxd8 fxg4) 29. Nf4 Nc7 30. Nd3 Ne8 $2 (30... Rf8 {keeps fighting.} 31. b3 g5) 31. Rf1 {[%csl Gd6][%cal Rf1f7] White is clearly winning.} Nxd6 32. exd6+ Kxd6 {and the idea ...Ke7 leaves Black hopeful.} 33. Rf7 b5 34. Nb4+ Kc7 35. Nxc6 Kxc6 36. cxb5+ axb5 {If Black can now play ...Ne5 this consolidates a bit.} 37. Rxh7 Nf6 38. Rxd8 Nxh7 {KR-KN} 39. h4 Nf6 {[#]} 40. g5 (40. h5 $142 $1 Kc7 (40... gxh5 41. g5) 41. Rf8 Nxh5 42. gxh5 gxh5 43. Rh8) 40... Nh5 41. Kf2 e5 42. Kf3 Kc7 43. Rd5 {Accuracy: White = 65%, Black = 32%.} 1-0

[Event "2nd Goa GM Open 2019"]
[Site "Goa"]
[Date "2019.06.18"]
[Round "1.9"]
[White "Ramu, K.."]
[Black "Jojua, Davit"]
[Result "*"]
[WhiteElo "2136"]
[BlackElo "2580"]
[Annotator "RC"]
[PlyCount "86"]
[EventDate "2019.06.17"]
[EventType "swiss"]
[EventCountry "IND"]
[SourceTitle "playchess.com"]
[Source "ChessBase"]
[SourceQuality "1"]
[TimeControl "5400+30"]

1. e4 {[%emt 0:00:00]} c5 {[%emt 0:00:00]} 2. Nf3 {[%emt 0:00:00]} Nc6 {[%emt 0:00:00]} 3. d3 {[%emt 0:00:50]} g6 {[%emt 0:00:14]} 4. g3 {[%emt 0:00:12]} Bg7 {[%emt 0:00:03]} 5. Bg2 {[%emt 0:00:12]} d6 {[%emt 0:00:05]} 6. O-O {[%emt 0:00:10]} Nf6 {[%emt 0:00:03]} 7. Re1 {[%emt 0:00:11]} O-O {[%emt 0:00:05]} 8. e5 {[%emt 0:03:09]} dxe5 {[%emt 0:26:35]} 9. Nxe5 {[%emt 0:00:25]} Nxe5 {[%emt 0:00:04]} 10. Rxe5 {[%emt 0:00:09]} Ng4 {[%emt 0:03:50]} 11. Re2 {[%emt 0:20:42]} Nh6 {[%emt 0:06:42]} 12. Nd2 {[%emt 0:15:17]} Nf5 {[%emt 0:12:04]} 13. Re1 {[%emt 0:08:06]} Nd4 {[%emt 0:02:22]} 14. c3 {[%emt 0:17:34]} Nf5 {[%emt 0:13:14]} 15. Nc4 {[%emt 0:06:22]} f6 {[%emt 0:09:09]} 16. a4 {[%emt 0:02:27]} Rb8 {[%emt 0:03:35]} 17. a5 {[%emt 0:04:48]} Kh8 {[%emt 0:01:54]} 18. h4 {[%emt 0:02:29]} e5 {[%emt 0:01:30]} 19. h5 {[%emt 0:01:12]} g5 {[%emt 0:01:50]} 20. Be3 {[%emt 0:04:06]} Qc7 {[%emt 0:02:45]} 21. g4 {[%emt 0:01:34]} Nh6 {[%emt 0:01:33]} 22. f3 {[%emt 0:02:22]} Rd8 {[%emt 0:03:23]} 23. Qe2 {[%emt 0:00:34]} b6 {[%emt 0:04:03]} 24. axb6 {[%emt 0:00:51]} axb6 {[%emt 0:00:01]} 25. Rad1 {[%emt 0:04:43]} Ba6 {[%emt 0:03:15]} 26. b4 {[%emt 0:01:34]} Bf8 {[%emt 0:01:13]} 27. Rb1 {[%emt 0:01:07]} Ng8 {[%emt 0:01:47]} 28. b5 {[%emt 0:00:06]} Bb7 {[%emt 0:00:15]} 29. Red1 {[%emt 0:00:40]} Ne7 {[%emt 0:00:20]} 30. Nd2 {[%emt 0:00:58]} h6 {[%emt 0:01:47]} 31. c4 {[%emt 0:00:41]} f5 {[%emt 0:00:31]} 32. Nf1 {[%emt 0:00:25]} Bg7 {[%emt 0:00:13]} 33. Bc1 {[%emt 0:00:36]} fxg4 {[%emt 0:01:12]} 34. fxg4 {[%emt 0:00:16]} Bxg2 {[%emt 0:00:07]} 35. Qxg2 {[%emt 0:00:14]} e4 {[%emt 0:00:30]} 36. Qxe4 {[%emt 0:00:23]} Rd4 {[%emt 0:00:30]} 37. Qg2 {[%emt 0:00:45]} Qd7 {[%emt 0:00:18]} 38. Nh2 {[%emt 0:00:27]} Rxd3 {[%emt 0:00:14]} 39. Re1 {[%emt 0:01:05]} Qd6 {[%emt 0:00:47]} 40. Nf1 {[%emt 0:00:27]} Rf8 {[%emt 0:00:47]} 41. Bb2 {[%emt 0:00:56]} Bd4+ {[%emt 0:00:40]} 42. Kh1 {[%emt 0:00:38]} Ng8 {[%emt 0:00:44]} 43. Re3 {[%emt 0:00:40]} Rxf1+ {[%emt 0:00:29] Ree1 Rf8} *

[Event "2nd Goa GM Open 2019"]
[Site "Goa"]
[Date "2019.06.18"]
[Round "1.10"]
[White "Turov, Maxim"]
[Black "Manigandan, S S"]
[Result "*"]
[WhiteElo "2579"]
[BlackElo "2131"]
[Annotator "TA"]
[PlyCount "24"]
[EventDate "2019.06.17"]
[EventType "swiss"]
[EventCountry "IND"]
[SourceTitle "playchess.com"]
[Source "ChessBase"]
[SourceQuality "1"]

{[%evp 15,24,0,0,0,14,7,10,14,12,0,12]} 1. d4 Nf6 2. Nf3 g6 3. g3 Bg7 4. Bg2 d5 5. O-O O-O 6. c4 c6 7. Qb3 Qb6 8. Nc3 Rd8 {The position is equal.} 9. Bd2 {D78: Fianchetto Grünfeld: 6 0-0 c6} dxc4 10. Qxc4 Be6 11. Qa4 Bf5 12. Qa3 $146 ({Predecessor:} 12. Rfe1 Ne4 13. Nxe4 Bxe4 14. Ba5 Qa6 15. Qa3 Re8 16. Bf1 c5 17. dxc5 Bxb2 {½-½ (17) Ding,L (2813)-Nepomniachtchi,I (2763) Wijk aan Zee 2019}) 12... Bf8 *

[Event "2nd Goa GM Open 2019"]
[Site "Goa"]
[Date "2019.06.18"]
[Round "1.11"]
[White "Rao, Siddarth Satya"]
[Black "Petrosyan, Manuel"]
[Result "*"]
[WhiteElo "2230"]
[BlackElo "2573"]
[Annotator "TA"]
[PlyCount "34"]
[EventDate "2019.06.17"]
[EventType "swiss"]
[EventCountry "IND"]
[SourceTitle "playchess.com"]
[Source "ChessBase"]
[SourceQuality "1"]

{[%evp 16,25,50,50,62,68,69,64,66,34,45,32]} 1. e4 c5 2. Nf3 e6 3. d4 cxd4 4. Nxd4 a6 5. Nc3 b5 6. Bd3 Qb6 7. Nb3 Qc7 8. O-O Bb7 9. Qe2 {White is slightly better.} d6 {B43: Sicilian: Kan Variation: 5 Nc3} (9... Nf6 10. e5 Nd5 11. Nxd5 Bxd5 12. a4 b4 13. Re1 h6 14. Bf4 Be7 15. Rad1 Bc6 16. Nd4 Bb7 17. Nf5 {1-0 (51) Najer,E (2663)-Ponizil,C (2494) Czech Republic 2019}) 10. a4 b4 11. Na2 d5 12. Bd2 Nf6 {[%cal Rd5e4]} 13. e5 {[#]} ({Much weaker is} 13. Nxb4 dxe4 14. Bc4 Bd6 $15) {Predecessor:} 13... Nfd7 $146 14. Bxb4 Bxb4 15. Nxb4 a5 16. Na2 Qxe5 17. Qxe5 Nxe5 {0-1 (41) Malisauskas,V (2477)-Olszewski,M (2541) Police 2011} *

[Event "2nd Goa GM Open 2019"]
[Site "Goa"]
[Date "2019.06.18"]
[Round "1.12"]
[White "Deepan Chakkravarthy J."]
[Black "Niraj, Saripalli"]
[Result "1-0"]
[WhiteElo "2557"]
[BlackElo "2127"]
[Annotator "ChessBase"]
[PlyCount "51"]
[EventDate "2019.06.17"]
[EventType "swiss"]
[EventCountry "IND"]
[SourceTitle "playchess.com"]
[Source "ChessBase"]
[SourceQuality "1"]
[TimeControl "5400+30"]

1. e4 {[%emt 0:00:00]} e5 {[%emt 0:00:10]} 2. Nf3 {[%emt 0:00:00]} Nc6 {[%emt 0:00:16]} 3. Bc4 {[%emt 0:00:00]} Nf6 {[%emt 0:02:35]} 4. d3 {[%emt 0:00:01]} h6 {[%emt 0:00:25]} 5. a4 {[%emt 0:00:54]} d6 {[%emt 0:06:55]} 6. Nc3 {[%emt 0:00:47]} g6 {[%emt 0:02:51]} 7. a5 {[%emt 0:02:02]} Bg7 {[%emt 0:06:07]} 8. h3 {[%emt 0:09:38]} O-O {[%emt 0:22:22]} 9. g4 {[%emt 0:06:20]} Nd4 {[%emt 0:00:41]} 10. g5 {[%emt 0:00:33]} hxg5 {[%emt 0:01:46]} 11. Bxg5 {[%emt 0:05:29]} Ne6 {[%emt 0:01:42]} 12. h4 {[%emt 0:01:17]} Nxg5 {[%emt 0:05:49]} 13. hxg5 {[%emt 0:02:10]} Nh5 {[%emt 0:03:50]} 14. a6 {[%emt 0:01:51]} Nf4 {[%emt 0:04:56]} 15. Nd5 {[%emt 0:11:40]} b5 {[%emt 0:11:03]} 16. Bb3 {[%emt 0:18:52]} Bg4 {[%emt 0:10:06]} 17. Nxf4 {[%emt 0:07:56]} exf4 {[%emt 0:00:08]} 18. Rh4 {[%emt 0:00:06]} Bxf3 {[%emt 0:02:35]} 19. Qxf3 {[%emt 0:00:06]} Bxb2 {[%emt 0:09:23]} 20. Rb1 {[%emt 0:01:45]} Be5 {[%emt 0:00:51]} 21. Ke2 {[%emt 0:02:33]} Kg7 {[%emt 0:01:11]} 22. Rh7+ {[%emt 0:00:41]} Kg8 {[%emt 0:00:59]} 23. Qg4 {[%emt 0:02:41]} Bg7 {[%emt 0:00:00]} 24. Qf3 {[%emt 0:00:00]} Be5 {[%emt 0:01:00]} 25. Qg4 {[%emt 0:01:00]} d5 {[%emt 0:02:52]} 26. Rbh1 {[%emt 0:00:08]} 1-0